<?xml version="1.0" encoding="UTF-8"?>
<record
    xmlns:xsi="http://www.w3.org/2001/XMLSchema-instance"
    xsi:schemaLocation="http://www.loc.gov/MARC21/slim http://www.loc.gov/standards/marcxml/schema/MARC21slim.xsd"
    xmlns="http://www.loc.gov/MARC21/slim">

  <leader>01386nabaa22002177a 4500</leader>
  <datafield tag="999" ind1=" " ind2=" ">
    <subfield code="c">6179</subfield>
    <subfield code="d">6179</subfield>
  </datafield>
  <controlfield tag="003">OSt</controlfield>
  <controlfield tag="005">20260124233709.0</controlfield>
  <controlfield tag="008">190701b        xxu||||| |||| 00| 0 spa d</controlfield>
  <datafield tag="040" ind1=" " ind2=" ">
    <subfield code="c">PJ</subfield>
  </datafield>
  <datafield tag="100" ind1=" " ind2=" ">
    <subfield code="9">6920</subfield>
    <subfield code="a">Acevedo, Fernando </subfield>
  </datafield>
  <datafield tag="245" ind1="1" ind2="0">
    <subfield code="a">Marco regulatorio y contractual de la industria de dragado fluvial y mar&#xED;timo en Argentina /</subfield>
    <subfield code="c">Fernando Acevedo, Jos&#xE9; Francisco Lago Rodr&#xED;guez. </subfield>
  </datafield>
  <datafield tag="300" ind1=" " ind2=" ">
    <subfield code="a">p. 3-20</subfield>
  </datafield>
  <datafield tag="500" ind1=" " ind2=" ">
    <subfield code="a">Cita: TR LALEY AR/DOC/1649/2024 </subfield>
  </datafield>
  <datafield tag="505" ind1=" " ind2=" ">
    <subfield code="a">Sumario: I. Nociones b&#xE1;sicas sobre las obras de dragado.&#x2014; II. Importancia de las obras de dragado para Argentina.&#x2014; III. &#xC1;mbitos de ejecuci&#xF3;n de obras de dragado. La situaci&#xF3;n de los puertos y la sanci&#xF3;n de la ley 24.093.&#x2014; IV. &#xC1;mbitos de ejecuci&#xF3;n de obras de dragado. Referencia al dominio y jurisdicci&#xF3;n sobre las aguas.&#x2014; V. Regulaciones en torno a la bandera de las dragas.&#x2014; VI. Regulaci&#xF3;n ambiental.&#x2014; VII. Aspectos contractuales.&#x2014; VIII. Situaci&#xF3;n de la hidrov&#xED;a Paran&#xE1;-Paraguay.&#x2014; IX. Conclusiones. </subfield>
  </datafield>
  <datafield tag="505" ind1=" " ind2=" ">
    <subfield code="t">&#xBF;Te interesa el texto completo? Comunicate al correo: koha@justierradelfuego.gov.ar</subfield>
  </datafield>
  <datafield tag="650" ind1=" " ind2="0">
    <subfield code="9">211</subfield>
    <subfield code="a">DERECHO ADMINISTRATIVO</subfield>
  </datafield>
  <datafield tag="650" ind1=" " ind2="0">
    <subfield code="a">TRANSPORTE FLUVIAL</subfield>
  </datafield>
  <datafield tag="700" ind1=" " ind2=" ">
    <subfield code="9">6921</subfield>
    <subfield code="a">Lago Rodr&#xED;guez, Jos&#xE9; Francisco </subfield>
  </datafield>
  <datafield tag="773" ind1="0" ind2=" ">
    <subfield code="0">2842</subfield>
    <subfield code="9">3251</subfield>
    <subfield code="d">Buenos Aires : AbeledoPerrot, 2012-</subfield>
    <subfield code="o">DA121</subfield>
    <subfield code="t">Derecho administrativo. N&#xBA; 154 julio/agosto 2024</subfield>
    <subfield code="z">18510590</subfield>
  </datafield>
  <datafield tag="942" ind1=" " ind2=" ">
    <subfield code="2">udc</subfield>
    <subfield code="c">ANA</subfield>
  </datafield>
</record>
